00758nam a2200217Ii 45000010005000000030009000050080041000140400033000550410008000880820016000961000036001122450033001482640057001813000012002383360026002503370028002763380027003049400050003319990017003819520142003984805CO-ViMGA241108s9999||||xx |||||||||||||| ||und|| aCO-ViMGAbspaerdacCO-ViMGA0 aunk04a636.9-C352e1 aMario Castaño Quintero95620710aExplotación del curi o cuy 1a[Lugar de publicación no identificado] : ICA, 1973 avolumen atextbtxt2rdacontent aunmediatedbn2rdamedia avolumebnc2rdacarrier aidficha_siabuc: 4681. -- ficha_no_siabuc:4805 c54037d54037 001040708001aMEVIGERRbMEVIGERRcGENd2006-11-27hVol.1o636.9-C352epECA3764r2024-11-26 10:41:04tEj.1w2024-11-26yBKz4681 | 6749